00350nam a22001457a 450000500170000000800410001704100080005808200110006610000160007724500570009325000090015026000270015930000100018665000080019620200521154451.0200521b xxu||||| |||| 00| 0 eng d aeng a345.54 aSeeryai H.M aConstitutional Law of India : ACritical Commentory I a4'th aMumbaibM.JPochac2019 aA-186 aLAW